Meilleurs passeurs 5 grands championnats depuis 2010 - Statistiques

Statistiques générales
  • Ce quiz a été pris 3 379 fois
    885 depuis la dernière actualisation
  • Le résultat moyen est 42 sur 84
Statistiques - réponses
Championnat Saison Club Nombre de passes décisives Meilleur passeur % Correct
Ligue 1 2022-2023 PSG 16 Lionel Messi
94%
Liga 2010-2011 FC Barcelone 18 Lionel Messi
94%
Liga 2011-2012 FC Barcelone 18 Lionel Messi
94%
Liga 2014-2015 FC Barcelone 18 Lionel Messi
94%
Liga 2017-2018 FC Barcelone 13 Lionel Messi
94%
Liga 2018-2019 FC Barcelone 13 Lionel Messi
94%
Liga 2019-2020 FC Barcelone 21 Lionel Messi
94%
Premier League 2016-2017 Manchester City 19 Kevin De Bruyne
89%
Premier League 2017-2018 Manchester City 16 Kevin De Bruyne
89%
Premier League 2019-2020 Manchester City 21 Kevin De Bruyne
89%
Premier League 2022-2023 Manchester City 16 Kevin De Bruyne
89%
Bundesliga 2014-2015 Wolfsburg 20 Kevin De Bruyne
89%
Ligue 1 2017-2018 PSG 13 Neymar
88%
Premier League 2021-2022 Liverpool 13 Mohamed Salah
87%
Premier League 2024-2025 Liverpool 18 Mohamed Salah
87%
Ligue 1 2021-2022 PSG 17 Kylian Mbappé
86%
Ligue 1 2011-2012 LOSC 15 Eden Hazard
78%
Premier League 2018-2019 Chelsea 15 Eden Hazard
78%
Ligue 1 2015-2016 PSG 18 Angel Di Maria
77%
Ligue 1 2019-2020 PSG 14 Angel Di Maria
77%
Liga 2013-2014 Real Madrid 17 Angel Di Maria
77%
Premier League 2020-2021 Tottenham 14 Harry Kane
74%
Ligue 1 2023-2024 PSG 8 Ousmane Dembélé
73%
Liga 2021-2022 FC Barcelone 13 Ousmane Dembélé
73%
Liga 2024-2025 FC Barcelone 13 Lamine Yamal
71%
Bundesliga 2017-2018 Bayern Munich 13 Thomas Müller
71%
Bundesliga 2019-2020 Bayern Munich 21 Thomas Müller
71%
Bundesliga 2020-2021 Bayern Munich 19 Thomas Müller
71%
Bundesliga 2021-2022 Bayern Munich 18 Thomas Müller
71%
Liga 2012-2013 FC Barcelone 16 Andrés Iniesta
70%
Liga 2022-2023 Atletico Madrid 14 Antoine Griezmann
69%
Ligue 1 2024-2025 OL 11 Rayan Cherki
68%
Liga 2015-2016 FC Barcelone 17 Luis Suárez
67%
Liga 2016-2017 FC Barcelone 12 Luis Suárez
67%
Liga 2017-2018 FC Barcelone 13 Luis Suárez
67%
Bundesliga 2013-2014 Dortmund 13 Marco Reus
64%
Premier League 2015-2016 Arsenal 19 Mesut Özil
64%
Ligue 1 2012-2013 LOSC 12 Dimitri Payet
63%
Ligue 1 2014-2015 OM 16 Dimitri Payet
63%
Ligue 1 2017-2018 OM 13 Dimitri Payet
63%
Liga 2016-2017 Real Madrid 12 Toni Kroos
62%
Bundesliga 2024-2025 Bayern Munich 17 Michael Olise
54%
Premier League 2011-2012 Manchester City 15 David Silva
53%
Liga 2020-2021 Celta Vigo 13 Iago Aspas
46%
Serie A 2023-2024 AC Milan 9 Rafael Leão
45%
Premier League 2013-2014 Liverpool 14 Steven Gerrard
45%
Bundesliga 2011-2012 Bayern Munich 15 Franck Ribery
44%
Bundesliga 2012-2013 Bayern Munich 15 Franck Ribery
44%
Ligue 1 2013-2014 PSG 13 Zlatan Ibrahimovic
42%
Serie A 2010-2011 AC Milan 12 Zlatan Ibrahimovic
42%
Bundesliga 2023-2024 Bayer Leverkusen 13 Alejandro Grimaldo
40%
Premier League 2023-2024 Aston Villa 13 Ollie Watkins
38%
Serie A 2015-2016 Juventus 12 Paul Pogba
36%
Ligue 1 2010-2011 Sochaux 17 Marvin Martin
34%
Ligue 1 2018-2019 Nîmes 13 Téji Savanier
34%
Serie A 2018-2019 Napoli 11 Dries Mertens
29%
Serie A 2010-2011 Napoli 12 Ezequiel Lavezzi
29%
Ligue 1 2020-2021 OL 12 Memphis Depay
28%
Ligue 1 2016-2017 AS Monaco 10 Thomas Lemar
27%
Premier League 2014-2015 Chelsea 18 Cesc Fabregas
25%
Serie A 2021-2022 Sassuolo 15 Domenico Berardi
24%
Premier League 2010-2011 Manchester United 17 Nani
23%
Serie A 2024-2025 Napoli 10 Romelu Lukaku
23%
Serie A 2022-2023 Napoli 10 Khvicha Kvaratskhelia
22%
Bundesliga 2018-2019 Dortmund 14 Jadon Sancho
21%
Serie A 2012-2013 Napoli 14 Marek Hamšík
21%
Serie A 2014-2015 Napoli 11 Marek Hamšík
21%
Ligue 1 2012-2013 OM 12 Mathieu Valbuena
21%
Serie A 2019-2020 Atalanta 16 Papu Gómez
21%
Premier League 2012-2013 Chelsea 13 Juan Mata
17%
Bundesliga 2016-2017 RB Leipzig 19 Emil Forsberg
11%
Liga 2023-2024 Villareal 14 Alex Baena
9%
Serie A 2017-2018 Lazio 14 Luis Alberto
9%
Bundesliga 2015-2016 Dortmund 15 Henrikh Mkhitaryan
8%
Serie A 2016-2017 Napoli 12 José Callejón
8%
Ligue 1 2016-2017 OGC Nice 10 Jean Michaël Seri
7%
Serie A 2015-2016 AS Roma 12 Miralem Pjanić
5%
Liga 2018-2019 FC Séville 13 Pablo Sarabia
4%
Bundesliga 2022-2023 Dortmund 12 Raphaël Guerreiro
4%
Serie A 2011-2012 Palermo 14 Fabrizio Miccoli
2%
Serie A 2013-2014 Torino 11 Alessio Cerci
1%
Serie A 2020-2021 Atalanta 12 Ruslan Malinovskyi
1%
Serie A 2010-2011 Cagliari 12 Andrea Cossu
0%
Bundesliga 2010-2011 Kaiserslautern 16 Christian Tiffert
0%
Aucun quiz correspondant
Distribution des résultats
% des personnes avec chaque résultat
Percentile par nombre de réponses
Votre historique - résultats
Vous n’avez pas pris ce quiz depuis la dernière actualisation